Statistics for How well do you know Eminem?

Click here to take the quiz!

General Stats

  • This quiz has been taken 1,772 times
  • The average score is 9 of 15

Answer Stats

Question Answer % Correct
What is Eminem's real name?Marshall Bruce Mathers III
92%
In what city did Eminem build his career?Detroit
91%
Eminem made a song of an obsessed fan, what was the name of that song?Stan
86%
Which artist played the biggest part in Eminem's success?Dr. Dre
84%
Who is Eminem's ex wife?Kimberly Ann Scott
83%
In what year did 8 Mile come out?2002
82%
Eminem is/was a part of which group with his long time best friend, Proof?D12
74%
What would you do if you were the real Slim Shady?Stand up
74%
What was his first daughters name?Hailie
59%
What was Eminems first recording called?Infinite
52%
In the album Bad Meets Evil: The Sequel. Who is the 'bad' guy?Royce Da 5'9"
46%
Eminem recently signed a group to his label, what is the name of the group?Slaughter House
25%
When is Eminem's birthday?October 17th
13%
In what city was Eminem born?Kansas City
7%
When is his daughters birthday?December 25th
7%

Score Distribution

Percentile by Number Answered

Percent of People with Each Score

Your Score History

You have not taken this quiz